Harry Potter od A do Z cz.6 - Statystyki

Ogólne statystyki
  • Ten quiz został rozwiązany 259 razy
  • Średni wynik to 15 z 23
Statystyki odpowiedzi
Podpowiedź Odpowiedź % Poprawnych
Taką postać przybierał patronus Harry'ego Pottera(J) Jeleń
95%
Zamieszkiwała obraz zasłaniający wejście do pokoju wspólnego Gryfonów, do którego wpuszczała po usłyszeniu hasła (G) Gruba Dama
93%
Pół człowiek, pół koń. Należeli do nich Zakała, Ronan i Firenzo (C) Centaur
92%
Rodzina czarodziejów, do której należeli m.in Ron, Ginny, Fred i George(W) Weasley
90%
Ogólna nazwa, którą przyjęli Lunatyk, Glizdogon, Rogacz i Łapa. Opracowali magiczną mapę (H) Huncwoci
88%
Imię psa Hagrida (K) Kieł
87%
Tak nazywał się dom rodzinny Weasleyów (N) Nora
87%
Druga miotła Harry'ego Pottera (B) Błyskawica
84%
Jeden ze sposobów "transportu" w magicznym świecie, polegający na znikaniu w jednym miejscu i pojawianiu się w innym (T) Teleportacja
83%
Wysoko wyszkolony czarodziej specjalizujący się w łapaniu czarodziejskich przestępców (A) Auror
82%
Gazeta czarodziejów (P) Prorok Codzienny
79%
Zaklęcie rozbrajające przeciwnika (E) Expelliarmus
78%
Jeden z wydziałów Ministerstwa Magii. Znajdował się w lochach, została w nim ukryta przepowiednia dotycząca Harry'ego (D) Departament Tajemnic
73%
Należało je wykraść smokom podczas pierwszego zadania Turnieju Trójmagicznego - po jego otwarciu można było usłyszeć wskazówkę dotyczącą kolejnego zadania (Z) Złote Jajo
70%
Magiczni lekarze pracujący w Szpitalu Św. Munga (U) Uzdrowiciele
57%
Ożywiony trup, niezdolny do samodzielnego myślenia, wypełniający polecenia czarodzieja, który go "ożywił" (I) Inferius
38%
Ogólna nazwa egzaminów, do których podchodzili uczniowie kończący edukację w Hogwarcie (O) Owutemy
38%
Konduktor Błędnego Rycerza, aresztowany pod zarzutem szpiegowania dla Śmierciożerców (S) Stan Shunpike
35%
Czarodziej lub czarownica, którzy w dowolnej chwili, bez użycia eliksiru, mogli zmieniać cechy swojego wyglądu (M) Metamorfomag
27%
Gryfonka, która obdarowała Harry'ego czekoladkami naszpikowanymi Amortensją - ich ofiarą stał się Ron (V) Romilda Vane
27%
Mugol żyjący w Little Hangleton, ofiara Voldemorta w piątej części przygód Harry'ego Pottera, ogrodnik w Domu Riddle'ów (F) Frank Bryce
21%
Magiczne stworzenie niewielkiego wzrostu, podczas Mistrzostw Świata w Quidditchu stanowiło maskotkę Irlandii (L) Leprokonus
20%
Magiczny przedmiot dostępny w sklepie Borgina & Burkes'a. Po wetknięciu w nią świecy, świeciła tylko temu kto ją trzymał (R) Ręka Glorii
20%
Nie znaleziono quizów pasujących do podanych kryteriów
Rozkład punktacji
Procent ludzi z każdym wynikiem
Percentyl według liczby udzielonych odpowiedzi
Twoja historia wyników
Nie rozwiązałeś tego quizu